| 000 | 01073nam a2200325Ia 4500 | ||
|---|---|---|---|
| 001 | 17386 | ||
| 003 | IT-RoPAU | ||
| 008 | 130308s9999 xx 000 0 und d | ||
| 040 | _aIT-RoPAU | ||
| 040 | _cIT-RoPAU | ||
| 041 | _aITALIANO | ||
| 100 | _aShort Robert L. | ||
| 100 | _gCodice Aut. SPICS: 1288 | ||
| 240 | _aGOSPEL ACCORDING to PEANUTS (THE) | ||
| 240 | _gCodice Tit. Orig. Spics: T2101 | ||
| 245 | _aVangelo secondo Charlie Brown (Il) | ||
| 245 | _bVangelo Secondo Charlie Brown (Il) | ||
| 250 | _a1a ed. | ||
| 260 | _aTORINO | ||
| 260 | _bGribaudi | ||
| 260 | _c1968 [1° Ed.:1968 - Ed.Ling.Originale:1965] | ||
| 300 | _a"176 p. (prefazione: no ; testo: 176)" | ||
| 500 | _a"1. La Chiesa e le Arti2. Il ""Guaio di Fondo"": Il peccato Originale3. Il Guadagno del peccato è ""Aaaaughh!""4. Misericordia!5. Il cane del Cielo6. Postilla Conclusiva Non Scientificafumetto e Religione Fumetto e Vangelo" | ||
| 650 | _aSAGGI SUL FUMETTO | ||
| 650 | _eCodice materia Spics: 6711 | ||
| 942 | _cBK | ||
| 957 | _71 | ||
| 999 |
_c70332 _d70332 |
||
| 999 | _bSI | ||
| 999 | _g2 | ||